000 00309nam a2200133 i 4500
001 bg
100 1 _aHENRYCH, Josef
245 0 _aThe dynamics of arches and frames /
_cJ. Henrych.
260 _aPrague,
_c1981.
040 _cBPK
041 _apol
942 _cKS
008 s pl f |000 0 pol
999 _c28033
_d28033
856 _uhttp://koha.tu.koszalin.pl/cgi-bin/koha/opac-detail.pl?biblionumber=28033
_yKatalog online BPK